Normal view
MARC view
- عبدالله، مثنى واخرون، م.مشارك هشام البدراني، م.مشارك جاسم الشمري، م.مشارك احمد قاسم كسار
Entry Personal Name
001 - CONTROL NUMBER
- control field: 64104
003 - CONTROL NUMBER IDENTIFIER
- control field: JO-AjAnu
005 - DATE AND TIME OF LATEST TRANSACTION
- control field: 20230606084447.0
008 - FIXED-LENGTH DATA ELEMENTS
- fixed length control field: 230606|| aca||aabn | a|a d
040 ## - CATALOGING SOURCE
- Original cataloging agency: JO-AjAnu
- Transcribing agency: JO-AjAnu
100 ## - HEADING--PERSONAL NAME
- Personal name: عبدالله، مثنى واخرون، م.مشارك هشام البدراني، م.مشارك جاسم الشمري، م.مشارك احمد قاسم كسار
670 ## - SOURCE DATA FOUND
- Source citation: Work cat.: (JO-AjAnu)32681: عبدالله، مثنى واخرون، م.مشارك هشام البدراني، م.مشارك جاسم الشمري، م.مشارك احمد قاسم كسار , author, الواقع الثقافي في العراق بعد الاحتلال